| 000 | 00521nmm a2200157Ia 4500 | ||
|---|---|---|---|
| 008 | 251105s9999||||xx |||||||||||||||||und|| | ||
| 041 | _aspa | ||
| 100 | _aWarren, Patricia Nell | ||
| 245 | 0 |
_aEl vestuario de color rosa : _b Semblanzas de deportistas gays, lesbianas, transexuales y bisexuales |
|
| 264 |
_a[Madrid, España] : _bEditorial Egales, _c2019 |
||
| 300 | _a283 páginas | ||
| 490 | _aEnsayo | ||
| 650 | _aSocial Sciences (General) | ||
| 856 | _uhttps://public.digitaliapublishing.com/a/158142 | ||
| 942 | _cCF | ||
| 999 |
_c99206 _d99206 |
||